1219 1603 1520 1064 1901 1091 1139 1692 1611 1728 1446 1586 1283 1002 1304 1517 1246 1534 1696 1773 1626 1241 1616 1835 1720 1578 1316 1606 1079 1847 1437 1909 1483 1450 1041 1777 1087 1432 1951 1930 1829 1837 1671 1744 1050 1134 1955 1171 1485 1618 1844 1193 1412 1635 1892 1034 1071 1866 1313 1492 1200 1851 1668 1594 1643 1679 1606 1417 1497 1382 1616 1109 1287 1429 1585 1964 1547 1941 1837 1368 1746 1966 1919 1370 1434 1804 1169 1737 1889 1057 1086 1258 1836 1849 1732 1151 1264 1830 1499 BCNSPRNW ULIB Ver.6.0+V

เปลี่ยนเป็นภาษาไทย

Change to English
 แสดงรายละเอียดบรรณานุกรม
  กลับหน้าหลัก

Brief Record : Get Marc (ISO 2709) : E-mail record : QR code < ปิดหน้าต่าง
LEADER : 00000nam 2200000uu 4500
001    13399111129
003     ULIB
008    110616s||||||||th 000 0 tha d
050  4 BF598^bพ361จ 2544
110 1  กระทรวงสาธารณสุข^bสำนักงานปลัดกระทรวงสาธารณสุข^bสถาบันพระบรมราชชนก
245 10 การพัฒนาคุณลักษณะตนเอง หน่วยการเรียนที่ 2 การพัฒนาคุณลักษณะตนเองด้านจิตใจ /^cสถาบันพระบรมราชชนก
260    กรุงเทพฯ :^bสถาบันพระบรมราชชนก,^c2544
300    64 หน้า
650  7 การบริหารจิต
650  7 จริยธรรม
945    ^p0^l0^i019313
945    ^p0^l0^i013597
945    ^p0^l0^i013553
945    ^p0^l0^i013598
995    ทศพร
999 ^a ใช้งานได้ทุกระบบ
รายการนี้ยังไม่มีแท็ก
คุณยังไม่ได้ล็อกอิน คุณสามารถมีกิจกรรมร่วมกับเว็บไซต์ได้ แต่ต้องล็อกอินก่อน ::
  ล็อกอิน

รายการสื่อสารสนเทศ

ลำดับที่ ประเภท เลขเรียก/บาร์โค้ด สถานที่ สถานะ
- ไม่พบข้อมูล -

รายการใกล้เคียง
    หัวเรื่อง [จริยธรรม]

BibComment


ยังไม่เคยถูกคอมเมนท์

คอมเมนท์ทรัพยากรรายการนี้
  คอมเมนท์: การพัฒนาคุณลักษณะ..


 Copyright 2026. Bcnsprnw @Library